Polskie Miasta - Statystyki

Ogólne statystyki
  • Ten quiz został rozwiązany 10 razy
  • Średni wynik to 9 z 16
Statystyki odpowiedzi
Obrazkowy Odpowiedź % Poprawnych
Gdańsk
100%
Kraków
100%
Warszawa
100%
Wrocław
100%
Malbork
89%
Zielona Gora
89%
Katowice
78%
Szczecin
78%
Toruń
67%
Bydgoszcz
56%
Płock
44%
Gniezno
22%
Kutno
0%
Łowicz
0%
Skierniewice
0%
Władysławowo
0%
Nie znaleziono quizów pasujących do podanych kryteriów
Rozkład punktacji
Procent ludzi z każdym wynikiem
Percentyl według liczby udzielonych odpowiedzi
Twoja historia wyników
Nie rozwiązałeś tego quizu